Stanovenie hodnoty majetku hlavné aspekty ekonomickej znaleckej a expertnej činnosti

Saved in:
Bibliographic Details
Main Author: Harumová, Anna, 1955-
Other Authors: Džupinka, Miroslav, Gavalec, Miroslav, Heindrich, Roman, Kislingerová, Eva, Kmošková, Mária, Kráľovič, Jozef, Marková, Jana, Markovič, Peter, 1974-, Mařík, Miloš, Martišková, Denisa, Rybárová, Emília, Šnircová, Jana, 1971-, Zalai, Karol, Vlachynský, Karol, Chovancová, Božena, Peschl, Ivan
Format: Book
Language:Slovak
Published: Bratislava Iura Edition [2008]
Series:Ekonómia
Subjects:
Tags: Add Tag
No Tags, Be the first to tag this record!

MARC

LEADER 00000nam$a2200000$$$4500
001 0089010
005 20240502072008.6
020 |a 978-80-8078-224-5 
041 0 |a slo 
044 |a SK 
245 1 0 |a Stanovenie hodnoty majetku  |b hlavné aspekty ekonomickej znaleckej a expertnej činnosti  |c Anna Harumová a kolektív 
264 1 |a Bratislava  |b Iura Edition  |c [2008] 
300 |a 496 s. 
490 1 |a Ekonómia 
830 0 |a Ekonómia 
610 2 0 |a hodnota podniku 
610 2 0 |a posudky znalecké 
610 2 0 |a znalci 
610 2 0 |a právo obchodné 
610 2 0 |a právo občianske 
610 2 0 |a konkurzy 
610 2 0 |a reštrukturalizácia 
610 2 0 |a financie podnikové 
100 1 |a Harumová, Anna, 1955- 
700 1 |a Džupinka, Miroslav 
700 1 |a Gavalec, Miroslav 
700 1 |a Heindrich, Roman 
700 1 |a Kislingerová, Eva 
700 1 |a Kmošková, Mária 
700 1 |a Kráľovič, Jozef 
700 1 |a Marková, Jana 
700 1 |a Markovič, Peter, 1974- 
700 1 |a Mařík, Miloš 
700 1 |a Martišková, Denisa 
700 1 |a Rybárová, Emília 
700 1 |a Šnircová, Jana, 1971- 
700 1 |a Zalai, Karol 
700 1 |a Vlachynský, Karol 
700 1 |a Chovancová, Božena 
700 1 |a Peschl, Ivan